000 00735nam a2200205 4500
003 LK-CoMWRAF
005 20231212233549.0
008 231212b |||||||| |||| 00| 0 eng d
020 _a9789558978115
040 _aLK-CoMWRAF
_dLK-CoMWRAF
_eLK-CoMWRAF
041 _asin
082 _a297.382
_bHAS
100 _aහසන්. එම්. එච්. එම්.
245 _aසලාත් (නැමදුමෙ) හි පෙර සූදානම
246 _aSalath (namadume) hi pera sudanama
260 _aකොළඹ :
_bහිරා තොරතුරු මධ්‍යස්ථානය,
_c2009
650 _aසලාත් නැමදීම
700 _aනෞෆර්. එස්. එම්.
_etrans.
942 _cBK
999 _c4374
_d4374